000 00350nam a2200145Ia 4500
008 240624s9999 xx 000 0 und d
041 _aeng
082 _a658.5 HIL
100 _aHILL TERRY
245 _aOPERATIONS MANAGEMENT
250 _a(2nd ed.)
260 _c2007
_aNew York
_bPalgrave
300 _axxxiii, : 764 : p. : cm. ; 23
365 _cBPS
999 _c6229
_d6229